=LDR 00000nam 2200000 4500 =001 NUTBA000000000002518 =005 20140618152129.0 =006 =007 =008 =020 ##$$a 978-979-002-233-1 =035 ##$$0010-061400000000461 =040 ##$$a NBPDMAT =082 ##$$a 633.895.3 =090 ##$$a 633.895 $b Tim p =100 ##$$a Tim Penulis PS =245 ##$$a Panduan lengkap karet / $c Tim Penulis PS =250 ##$$a Cet.6 =260 ##$$a Jakarta : $b Penebar Swadaya, $c 2013 =300 ##$$a 235 hlm. : $b ilus. ; $c 25 cm. =500 ##$$a Bibliografi : hlm. 226 - 235 =650 ##$$a Karet =850 ##$$a NBPDMAT =990 ##$$a 21403217 =990 ##$$a 0001/BPAP-NTB/20142015